Malaysia investment in the manufacturing sector : policies,incentives and facilities.
| Corporate Author: | |
|---|---|
| Format: | Book |
| Published: |
Kuala Lumpur:
MIDA,
2010.
|
| Subjects: |
| LEADER | 00529cam a2200157 7i4500 | ||
|---|---|---|---|
| 001 | 0000026347 | ||
| 005 | 20110713090000.0 | ||
| 090 | 0 | 0 | |a M 332.6 |b MAL |
| 110 | 2 | 0 | |a Malaysia Industry Development Authority (MIDA) |
| 245 | 2 | 0 | |a Malaysia investment in the manufacturing sector : |b policies,incentives and facilities. |
| 260 | 0 | 0 | |a Kuala Lumpur: |b MIDA, |c 2010. |
| 300 | # | # | |a 178 p. |
| 650 | 0 | 0 | |a Manufacturing -- |z Malaysia |
| 650 | 0 | 0 | |a Investment -- |z Malaysia |
| 651 | 0 | 0 | |a Malaysia |
| 999 | |a 0000028529 |b Book |c Malaysia |e Business Information Centre | ||